| 000 | 03401 a2200349 4500 | ||
|---|---|---|---|
| 999 |
_c11097 _d11097 |
||
| 020 | _a9780787985240 (cloth) | ||
| 020 | _a0787985244 (cloth) | ||
| 050 | 0 | 0 |
_aRA395 _bAND2007 |
| 245 | 0 | 0 |
_aChanging the U.S. health care system : _bkey issues in health services policy and management / _cRonald M. Andersen, Thomas H. Rice, Gerald F. Kominski, editors ; foreword by Abdelmonem A. Afifi and Linda Rosenstock. |
| 250 | _athird dition | ||
| 264 |
_aSan,Fransisco : _bJohn Wiley and sons, _cc.2007 |
||
| 300 |
_axlv, 693 pages _billustrations |
||
| 336 |
_2rdacontent _atext _btxt |
||
| 337 |
_2rdamedia _aunmediated _bn |
||
| 338 |
_2rdacarrier _avolume _bnc |
||
| 504 | _aIncludes bibliographical references and index. | ||
| 505 | 0 | _a | |
| 650 | 0 | _aHealth care reform | |
| 650 | 0 | _aMedical policy | |
| 650 | 0 | _aMedical care | |
| 650 | 1 | 2 | _aHealth Care Reform |
| 650 | 2 | 2 | _aDelivery of Health Care |
| 650 | 2 | 2 | _aHealth Policy |
| 700 | 1 | _aAndersen, Ronald. | |
| 700 | 1 | _aRice, Thomas H. | |
| 700 | 1 | _aKominski, Gerald F. | |
| 856 | 4 | 1 |
_3Table of contents only _uhttp://www.loc.gov/catdir/toc/ecip072/2006032155.html |
| 856 | 4 | 2 |
_3Contributor biographical information _uhttp://www.loc.gov/catdir/enhancements/fy0826/2006032155-b.html |
| 856 | 4 | 2 |
_3Publisher description _uhttp://www.loc.gov/catdir/enhancements/fy0826/2006032155-d.html |
| 942 |
_2lcc _cBK _h395 _iAND _kRA |
||